Relativizacion y clausulas nominalizadoras en el quechua huallaguino (huanuco) /
Guardado en:
| Autor Principal: | |
|---|---|
| Formato: | Libro |
| Publicado: |
Pucallpa :
Instituto LingÜistico De Verano,
1994
|
| Materias: | |
| Etiquetas: |
Agregar Etiqueta
Sin Etiquetas, Sea el primero en etiquetar este registro!
|
| LEADER | 00597nam a22001695a 4500 | ||
|---|---|---|---|
| 001 | EHU.bham004595 | ||
| 003 | AR-BHAM | ||
| 005 | 20080222134122.0 | ||
| 008 | 130507s1994##################000#0#####d | ||
| 082 | 4 | 1 | |a 410.985 |
| 100 | 1 | |a Weber, David John | |
| 245 | 1 | 0 | |a Relativizacion y clausulas nominalizadoras en el quechua huallaguino (huanuco) / |c David John Weber. |
| 260 | |a Pucallpa : |b Instituto LingÜistico De Verano, |c 1994 | ||
| 300 | |a 150 p. | ||
| 500 | |a Version Castellana De Marlene Ballena | ||
| 653 | |a Linguistica comparada-peru | ||
| 859 | |a AR-BHAM |b BIB. HUMANIDADES - General |h 410.985 |i W38 |p 453.94 |t Ej.1 | ||
